Sätze und Aufgaben über Markoffsche Prozesse /

Guardado en:
Autor Principal: Dynkin, E. B. 1924-
Otros Autores: Yushkevich, A. A. 1930-
Formato: Libro
Idioma:German
Russian
Publicado: Berlin : Springer, 1969.
Materias:
Etiquetas: Agregar Etiqueta
Sin Etiquetas, Sea el primero en etiquetar este registro!
LEADER 00858cam a22002295a 4500
001 MAT.inmabb004542
008 840418s1969####gw#a#####b####001#0#ger##
005 20160216165156.0
245 1 0 |a Sätze und Aufgaben über Markoffsche Prozesse /  |c E. B. Dynkin, A. A. Juschkewitsch ; aus dem Russischen übersetzt von K. Schürger. 
260 |a Berlin :  |b Springer,  |c 1969. 
300 |a xii, 220 p. :  |b il. ;  |c 21 cm. 
504 |a Incluye referencias bibliográficas (p. 216). 
510 4 |a MR,  |c 39 #3585b 
100 1 |a Dynkin, E. B.  |q (Evgenii Borisovich),  |d 1924- 
240 1 0 |a Teoremy i zadachi o protsessakh Markova.  |l Alemán 
700 1 |a Yushkevich, A. A.  |q (Alexander Adolph),  |d 1930- 
650 0 |a Markov processes. 
084 |a 60Jxx  |2 msc2000 
010 |a  68058684  
040 |a DLC  |c CarP  |d DLC 
041 1 |a ger  |h rus 
859 |h 60  |i D997ta  |p A-6531  |b BIB. MATEMATICA